Jak rychle omezit závislost na ruském plynu? Odpovědí může být i flexibilita

Európa sa ocitla na rázcestí. Geopolitická situácia na východe kontinentu ukázala problematiku závislosti od ruského plynu. EÚ, prípadne jednotlivé členské štáty, musia vyriešiť, ako sa k nej postaviť bez toho, aby riskovali energetickú chudobu. Ako do riešenia zapadá flexibilita, doteraz skôr prehl...

ver descrição completa

Na minha lista:
Detalhes bibliográficos
Autor principal: Molek, Tomáš
Formato: Capítulo de Livro
Idioma:tcheco
Assuntos:
Tags: Adicionar Tag
Sem tags, seja o primeiro a adicionar uma tag!

MARC

LEADER 00000naa a2200000 4500
001 0312472
005 20250926103740.4
041 0 |a cze 
044 |a CZ 
245 1 0 |a Jak rychle omezit závislost na ruském plynu? Odpovědí může být i flexibilita  |c Tomáš Molek 
520 |a Európa sa ocitla na rázcestí. Geopolitická situácia na východe kontinentu ukázala problematiku závislosti od ruského plynu. EÚ, prípadne jednotlivé členské štáty, musia vyriešiť, ako sa k nej postaviť bez toho, aby riskovali energetickú chudobu. Ako do riešenia zapadá flexibilita, doteraz skôr prehliadaná oblasť elektroenergetiky? 
610 2 0 |a plyn zemný 
610 2 0 |a politika energetická 
610 2 0 |a chudoba energetická 
610 2 0 |a bezpečnosť energetická 
610 2 0 |a geopolitika 
610 2 0 |a Rusko 
100 1 |a Molek, Tomáš